VHDL : analysis and modeling of digital systems /

Bibliographic Details
Main Author: Navabi, Zainalabedin
Format: Book
Language:English
Published: New York : McGraw-Hill, [1998]
Edition:2nd ed.
Subjects:

MARC

Tag First Indicator Second Indicator Subfields
LEADER 00000cam a2200000 a 4500
001 in00001417455
005 20151020071621.0
008 970905s1997 nyua b 001 0 eng
010 |a  97031667  
020 |a 0070464790 
035 |a (OCoLC)37606196 
035 |9 AHQ1462AM 
040 |a DLC  |c DLC  |d TXA  |d UtOrBLW 
049 |a TXAM 
050 0 0 |a TK7885.7  |b .N38 1998 
082 0 0 |a 621.39/2  |2 21 
100 1 |a Navabi, Zainalabedin. 
245 1 0 |a VHDL :  |b analysis and modeling of digital systems /  |c Zainalabedin Navabi. 
250 |a 2nd ed. 
264 1 |a New York :  |b McGraw-Hill,  |c [1998] 
264 4 |c ©1998 
300 |a xxii, 632 pages :  |b illustrations ;  |c 24 cm. 
336 |a text  |b txt  |2 rdacontent 
337 |a unmediated  |b n  |2 rdamedia 
338 |a volume  |b nc  |2 rdacarrier 
504 |a Includes bibliographical references and index. 
650 0 |a VHDL (Computer hardware description language) 
650 0 |a Digital integrated circuits  |x Design and construction  |x Data processing. 
948 |a c:rd 
999 |a MARS 
999 f f |s b08d9c07-4ba3-3f3a-a5e5-79fc93d86a52  |i f2449f7c-019b-3609-9ab3-c27ca591e4d3  |t 0 
952 f f |p normal  |a Texas A&M University  |b College Station  |c Sterling C. Evans Library  |d Evans: Library Stacks  |t 0  |e TK7885.7 .N38 1998  |h Library of Congress classification  |i unmediated -- volume  |m A14823301066 
998 f f |a TK7885.7 .N38 1998  |t 0  |l Evans: Library Stacks